[Event "ENG-ch"]
[Site "Kenilworth"]
[Date "2025.07.19"]
[Round "3.40"]
[White "Vaddhireddy, Sai"]
[Black "Lapidus, Alexey M."]
[Result "0-1"]
[WhiteElo "1946"]
[BlackElo "1867"]
[PlyCount "79"]
[EventDate "2025.07.18"]
[EventType "swiss"]
[EventRounds "7"]
[EventCountry "ENG"]
[SourceTitle "BritBase"]
[Source "John Saunders"]
[SourceDate "2025.07.21"]
[SourceVersion "1"]
[SourceVersionDate "2025.07.21"]
[SourceQuality "1"]

1. d4 d5 2. c4 c6 3. cxd5 cxd5 4. Nc3 Nf6 5. Bf4 Nc6 6. e3 a6 7. Be2 Bf5 8. Nf3 e6 9. Qb3 Nh5 10. Qxb7 Na5 11. Qc7 Nxf4 12. Qxd8+ Rxd8 13. exf4 Rb8 14. O-O-O Bb4 15. Nh4 Be4 16. Nxe4 dxe4 17. g3 O-O 18. Kb1 Bc3 19. b3 Rfc8 20. Bxa6 Rc6 21. Rc1 Nxb3 22. axb3 Rxb3+ 23. Kc2 Rb2+ 24. Kd1 Rd2+ 25. Ke1 Rc2+ 26. Kd1 Rxc1+ 27. Kxc1 Bxd4+ 28. Kd2 Rxa6 29. Rc1 Ra2+ 30. Rc2 Rxc2+ 31. Kxc2 Bxf2 32. f5 exf5 33. Nxf5 g6 34. Nd6 f5 35. Kd1 Bg1 36. Ke2 Bxh2 37. Kf2 e3+ 38. Kxe3 Bxg3 39. Nb5 Kf7 40. Kd4 0-1

[Event "ENG-ch"]
[Site "Kenilworth"]
[Date "2025.07.19"]
[Round "3.42"]
[White "Ellson, Louie"]
[Black "Gunarathne, Senith Thenula"]
[Result "0-1"]
[WhiteElo "1854"]
[BlackElo "1876"]
[PlyCount "157"]
[EventDate "2025.07.18"]
[EventType "swiss"]
[EventRounds "7"]
[EventCountry "ENG"]
[SourceTitle "BritBase"]
[Source "John Saunders"]
[SourceDate "2025.07.21"]
[SourceVersion "1"]
[SourceVersionDate "2025.07.21"]
[SourceQuality "1"]

1. d4 d5 2. c4 e6 3. Nc3 c6 4. e3 f5 5. Nf3 Nf6 6. Be2 Bd6 7. O-O O-O 8. Ne5 Nbd7 9. f4 Ne4 10. Qc2 Nxe5 11. fxe5 Bc7 12. Nxe4 dxe4 13. b4 Bd7 14. a4 Qg5 15. c5 Qh6 16. b5 Rf6 17. b6 Bb8 18. bxa7 Rxa7 19. Bc4 Rf8 20. Bd2 Bc7 21. Qb3 Bd8 22. a5 Bc7 23. a6 bxa6 24. Rxa6 Rxa6 25. Bxa6 Rb8 26. Qc2 Qg5 27. Bc4 g6 28. Ra1 Qd8 29. Bc3 Kf7 30. Rf1 Ba5 31. Bxa5 Qxa5 32. Qxe4 Rb2 33. Qd3 Qb4 34. Rc1 Rd2 35. Qc3 Rd1+ 36. Kf2 Qa4 37. Qc2 Qxc2+ 38. Rxc2 g5 39. Be2 Rb1 40. Ra2 Rb4 41. Ra7 Ke7 42. Ra8 Be8 43. Bf3 g4 44. Ra7+ Kf8 45. Bd1 h5 46. Ra2 h4 47. h3 Rb1 48. Rd2 g3+ 49. Ke1 Bh5 50. Rd3 Ke7 51. Rd2 Kf7 52. Rd3 Ke8 53. Rd2 Kd8 54. Rd3 Kc7 55. Rd2 Kb7 56. Rd3 Ra1 57. Rb3+ Ka6 58. Ra3+ Rxa3 59. Bxh5 Ra2 60. Be2+ Ka5 61. Bc4 Rxg2 62. Bxe6 Rg1+ 63. Ke2 Rb1 64. Bxf5 g2 65. Bxb1 g1=Q 66. Bf5 Qg5 67. Bg4 Kb4 68. Kd3 Qg6+ 69. e4 Qf7 70. e6 Qf1+ 71. Ke3 Qc1+ 72. Kf3 Qc3+ 73. Kf4 Qxd4 74. Kf5 Qxc5+ 75. Kf6 Qf8+ 76. Ke5 Qe7 77. Be2 c5 78. Kd5 c4 79. Kd4 0-1

[Event "ENG-ch"]
[Site "Kenilworth"]
[Date "2025.07.19"]
[Round "4.11"]
[White "Verma, Aditya"]
[Black "Badacsonyi, Stanley"]
[Result "0-1"]
[WhiteElo "2092"]
[BlackElo "2318"]
[PlyCount "123"]
[EventDate "2025.07.18"]
[EventType "swiss"]
[EventRounds "7"]
[EventCountry "ENG"]
[SourceTitle "BritBase"]
[Source "John Saunders"]
[SourceDate "2025.07.21"]
[SourceVersion "1"]
[SourceVersionDate "2025.07.21"]
[SourceQuality "1"]

1. e4 e5 2. Nf3 Nc6 3. Bc4 Nf6 4. d3 h6 5. c3 d6 6. a4 g6 7. a5 a6 8. Nbd2 Bg7 9. O-O O-O 10. Re1 Be6 11. Bb3 Nh5 12. Nc4 Re8 13. Ne3 Nf4 14. Bxe6 Nxe6 15. Nd5 Ne7 16. c4 c6 17. Nb6 Rb8 18. b4 d5 19. exd5 cxd5 20. Bb2 dxc4 21. dxc4 Qxd1 22. Raxd1 f6 23. Bc3 Rbd8 24. g3 Nc8 25. Nd5 Nd6 26. Nb6 Kf7 27. Nd2 Bf8 28. Kg2 h5 29. h4 Re7 30. Ne4 Nxe4 31. Rxd8 Nxc3 32. Rd3 Rc7 33. Na8 Rc8 34. Rd7+ Ke8 35. Nb6 Rc7 36. Rxc7 Nxc7 37. c5 Kf7 38. Re3 N3d5 39. Rb3 Ke6 40. Nc4 Nb5 41. Ne3 Be7 42. Nc2 f5 43. f3 f4 44. Kh3 fxg3 45. Kxg3 g5 46. hxg5 Bxg5 47. Na3 Nxa3 48. Rxa3 Nxb4 49. Rb3 Bd2 50. Kh4 Kd5 51. Kxh5 Kxc5 52. Kg6 Kc4 53. Rb1 Kb5 54. Kf5 Bc3 55. Rc1 Kc4 56. Rb1 Kd4 57. Ke6 Nc6 58. Kd6 Nxa5 59. Kc7 Kc4 60. Kb6 Nb3 61. Kxb7 a5 62. Ra1 0-1

[Event "ENG-ch"]
[Site "Kenilworth"]
[Date "2025.07.19"]
[Round "4.13"]
[White "Elgar, Tim"]
[Black "Merry, Alan B"]
[Result "0-1"]
[WhiteElo "2093"]
[BlackElo "2400"]
[PlyCount "101"]
[EventDate "2025.07.18"]
[EventType "swiss"]
[EventRounds "7"]
[EventCountry "ENG"]
[SourceTitle "BritBase"]
[Source "John Saunders"]
[SourceDate "2025.07.21"]
[SourceVersion "1"]
[SourceVersionDate "2025.07.21"]
[SourceQuality "1"]

1. Nf3 d5 2. g3 Nd7 3. Bg2 e5 4. d3 c6 5. O-O Ngf6 6. Nc3 Be7 7. e4 dxe4 8. Nxe4 Nxe4 9. dxe4 O-O 10. Qe2 a5 11. Rd1 Qc7 12. a4 b6 13. Nd2 Rd8 14. b3 Ba6 15. Qf3 Nc5 16. Bh3 Bg5 17. Bf1 Bxf1 18. Kxf1 Qd6 19. Ke1 Qd4 20. Rb1 Bxd2+ 21. Bxd2 Qxe4+ 22. Qxe4 Nxe4 23. f3 Nxd2 24. Rxd2 Rxd2 25. Kxd2 f6 26. Ke3 Kf7 27. g4 Ke6 28. Rg1 Rd8 29. h4 g6 30. c3 Rb8 31. b4 Ra8 32. Rc1 h5 33. gxh5 gxh5 34. Ke4 axb4 35. cxb4 c5 36. a5 bxa5 37. bxc5 a4 38. c6 a3 39. c7 a2 40. Rc6+ Kd7 41. c8=Q+ Rxc8 42. Ra6 Rc2 43. Kf5 Rf2 44. Kxf6 e4 45. Ke5 e3 46. Rd6+ Ke7 47. Ra6 e2 48. Ra7+ Ke8 49. Ra8+ Kd7 50. Ra7+ Kc6 51. Kd4 0-1

[Event "ENG-ch"]
[Site "Kenilworth"]
[Date "2025.07.19"]
[Round "4.15"]
[White "Collins, Jonathan"]
[Black "Badacsonyi, Frankie"]
[Result "0-1"]
[WhiteElo "1869"]
[BlackElo "2170"]
[PlyCount "99"]
[EventDate "2025.07.18"]
[EventType "swiss"]
[EventRounds "7"]
[EventCountry "ENG"]
[SourceTitle "BritBase"]
[Source "John Saunders"]
[SourceDate "2025.07.21"]
[SourceVersion "1"]
[SourceVersionDate "2025.07.21"]
[SourceQuality "1"]

1. d4 Nf6 2. Bf4 b6 3. Nd2 Bb7 4. c4 g6 5. Qc2 Bg7 6. e4 d6 7. Ngf3 Nfd7 8. h4 e5 9. dxe5 dxe5 10. Bg5 Bf6 11. Rd1 Qe7 12. Be2 Nc6 13. a3 Nd8 14. Nb1 Ne6 15. Bxf6 Qxf6 16. Nc3 c6 17. b4 O-O-O 18. b5 cxb5 19. Nd5 Bxd5 20. cxd5+ Nec5 21. Bxb5 Qf4 22. Ng5 h6 23. g3 Qf6 24. Nh3 Qf3 25. O-O Qxe4 26. Qxe4 Nxe4 27. Rfe1 Ndc5 28. Rc1 Nd6 29. Bf1 Rhe8 30. a4 a5 31. g4 Kb8 32. Rb1 Ka7 33. Rec1 Nde4 34. Bb5 Re7 35. Bc6 Nd2 36. Rb5 Nf3+ 37. Kg2 Nd4 38. Rcxc5 bxc5 39. Rxc5 Nxc6 40. dxc6 Kb6 41. Rb5+ Ka6 42. Ng1 Rd4 43. c7 Rxc7 44. Kg3 Rc3+ 45. f3 e4 46. Kf4 exf3+ 47. Ke5 Rxa4 48. Rb2 Rxg4 49. Kd5 Rxg1 50. Kd4 0-1

[Event "ENG-ch"]
[Site "Kenilworth"]
[Date "2025.07.19"]
[Round "4.16"]
[White "Hebden, Mark L"]
[Black "James, Russell A"]
[Result "1-0"]
[WhiteElo "2355"]
[BlackElo "2097"]
[PlyCount "126"]
[EventDate "2025.07.18"]
[EventType "swiss"]
[EventRounds "7"]
[EventCountry "ENG"]
[SourceTitle "BritBase"]
[Source "John Saunders"]
[SourceDate "2025.07.21"]
[SourceVersion "1"]
[SourceVersionDate "2025.07.21"]
[SourceQuality "1"]

1. d4 Nf6 2. Bg5 c5 3. d5 d6 4. Nc3 b5 5. Nxb5 Qa5+ 6. Nc3 Ne4 7. Bd2 Nxd2 8. Qxd2 Na6 9. e3 Rb8 10. b3 g6 11. Bc4 Bg7 12. Nge2 e6 13. Rd1 O-O 14. Ne4 Qxd2+ 15. Rxd2 exd5 16. Bxd5 Rb6 17. Bc4 Rd8 18. O-O Bb7 19. N2g3 h5 20. h4 Kf8 21. Rfd1 Ke7 22. Bxa6 Bxe4 23. Nxe4 Rxa6 24. c4 Rc6 25. Rd3 a5 26. a4 f5 27. Nc3 Bxc3 28. Rxc3 Rb8 29. Kh2 Rcb6 30. Rcd3 Ke6 31. Kg3 Rd8 32. Kf4 Rf8 33. Rd5 Rf6 34. R1d3 Ke7 35. f3 Rb8 36. Kg5 Re6 37. g3 Rb6 38. e4 fxe4 39. fxe4 Rb8 40. Re3 Rf8 41. g4 hxg4 42. Kxg4 Rf1 43. e5 Rg1+ 44. Kf3 dxe5 45. Rxc5 Rh1 46. Rxa5 e4+ 47. Kg3 Rg1+ 48. Kh2 Rg4 49. Kh3 Rg1 50. Rb5 Rh1+ 51. Kg3 Rg1+ 52. Kh2 Rd1 53. Kg2 Rd2+ 54. Kg3 Kf6 55. a5 Re5 56. a6 Ra2 57. Rb6+ Kf5 58. b4 Ra4 59. b5 Rxc4 60. Rb8 Ra4 61. b6 Rxa6 62. Rf8+ Ke6 63. b7 Kd5 1-0

[Event "ENG-ch"]
[Site "Kenilworth"]
[Date "2025.07.19"]
[Round "4.17"]
[White "Dishman, Stephen"]
[Black "Martin, Lewis"]
[Result "0-1"]
[WhiteElo "2274"]
[BlackElo "2038"]
[PlyCount "118"]
[EventDate "2025.07.18"]
[EventType "swiss"]
[EventRounds "7"]
[EventCountry "ENG"]
[SourceTitle "BritBase"]
[Source "John Saunders"]
[SourceDate "2025.07.21"]
[SourceVersion "1"]
[SourceVersionDate "2025.07.21"]
[SourceQuality "1"]

1. c4 c6 2. Nf3 d5 3. g3 Bg4 4. Bg2 Nd7 5. cxd5 cxd5 6. O-O Ngf6 7. d3 e6 8. Nc3 Be7 9. h3 Bh5 10. Bd2 O-O 11. g4 Bg6 12. Nh4 Qb6 13. Rb1 Rac8 14. b4 a6 15. Qa4 Qd6 16. Nxg6 hxg6 17. Rfc1 b5 18. Qd1 d4 19. Ne4 Nxe4 20. Bxe4 f5 21. gxf5 gxf5 22. Bb7 Rc7 23. Rxc7 Qxc7 24. Bg2 Nb6 25. Rc1 Qd7 26. Rc6 Nd5 27. Rxa6 Rf6 28. Qc1 Rg6 29. Qc6 Qxc6 30. Rxc6 Bxb4 31. Kf1 Rxg2 32. Bxb4 Rh2 33. Bd6 Rxh3 34. Kg2 Rh4 35. Be5 Kf7 36. Ra6 Rg4+ 37. Kf1 g5 38. Ra7+ Ke8 39. Rb7 b4 40. Bd6 Rh4 41. Bxb4 Rh1+ 42. Kg2 Rb1 43. Rb8+ Kd7 44. Bd6 Ra1 45. Be5 Rxa2 46. Bxd4 Rxe2 47. Kf3 Rd2 48. Rb3 Kd6 49. Be3 g4+ 50. Kg3 Nxe3 51. fxe3 Re2 52. d4 Ke7 53. Ra3 Kf6 54. Rb3 Kg5 55. Ra3 Rxe3+ 56. Rxe3 f4+ 57. Kf2 fxe3+ 58. Kxe3 Kf5 59. Kd3 Kf4 0-1

[Event "ENG-ch"]
[Site "Kenilworth"]
[Date "2025.07.19"]
[Round "4.19"]
[White "Savidge, Daniel"]
[Black "Hanache, Kai"]
[Result "1/2-1/2"]
[WhiteElo "2141"]
[BlackElo "2108"]
[PlyCount "59"]
[EventDate "2025.07.18"]
[EventType "swiss"]
[EventRounds "7"]
[EventCountry "ENG"]
[SourceTitle "BritBase"]
[Source "John Saunders"]
[SourceDate "2025.07.21"]
[SourceVersion "1"]
[SourceVersionDate "2025.07.21"]
[SourceQuality "1"]

1. b3 d5 2. Bb2 Nf6 3. Nf3 c5 4. g3 g6 5. Bg2 Bg7 6. O-O O-O 7. c4 d4 8. b4 Nfd7 9. d3 cxb4 10. a3 bxa3 11. Rxa3 Nc6 12. Nbd2 e5 13. Nb3 Rb8 14. Nfd2 Qc7 15. c5 b6 16. cxb6 axb6 17. Qc2 Nc5 18. Ne4 Nxb3 19. Rxb3 Be6 20. Rb5 Qd7 21. Ba3 Rfc8 22. Qb2 Qa7 23. Bd6 Ra8 24. Rxb6 Qd7 25. Ba3 Bd5 26. Nc5 Qd8 27. Nb7 Qd7 28. Nc5 Qd6 29. Nb7 Qd7 30. Nc5 1/2-1/2

[Event "ENG-ch"]
[Site "Kenilworth"]
[Date "2025.07.19"]
[Round "4.42"]
[White "Vaidyanathan, Sathya"]
[Black "Alldritt, Nigel R E"]
[Result "1-0"]
[WhiteElo "1878"]
[BlackElo "1918"]
[PlyCount "82"]
[EventDate "2025.07.18"]
[EventType "swiss"]
[EventRounds "7"]
[EventCountry "ENG"]
[SourceTitle "BritBase"]
[Source "John Saunders"]
[SourceDate "2025.07.21"]
[SourceVersion "1"]
[SourceVersionDate "2025.07.21"]
[SourceQuality "1"]

1. e4 e6 2. d4 d5 3. Bd3 dxe4 4. Bxe4 Nf6 5. Bf3 c5 6. Ne2 Nc6 7. Be3 cxd4 8. Nxd4 Nxd4 9. Qxd4 Qxd4 10. Bxd4 Bd6 11. Nc3 e5 12. Nb5 Bb8 13. Bc5 a6 14. Nd6+ Bxd6 15. Bxd6 e4 16. Be2 Be6 17. O-O-O O-O-O 18. Be5 Rxd1+ 19. Rxd1 Rd8 20. Bxf6 gxf6 21. Rxd8+ Kxd8 22. Kd2 Ke7 23. Ke3 f5 24. Kd4 Kd6 25. a3 f6 26. g3 Bf7 27. c4 Be8 28. Bd1 a5 29. b4 axb4 30. axb4 b6 31. c5+ bxc5+ 32. bxc5+ Kc7 33. Bb3 Bh5 34. Bg8 h6 35. Kd5 Bd1 36. Bh7 Bb3+ 37. Kd4 Be6 38. Bg6 Kd7 39. Ke3 Kc6 40. Kf4 Kxc5 41. Bxf5 Kd5 1-0

[Event "ENG-ch"]
[Site "Kenilworth"]
[Date "2025.07.20"]
[Round "5.28"]
[White "Welling, Zac"]
[Black "Dishman, Stephen"]
[Result "1/2-1/2"]
[WhiteElo "1966"]
[BlackElo "2274"]
[PlyCount "77"]
[EventDate "2025.07.18"]
[EventType "swiss"]
[EventRounds "7"]
[EventCountry "ENG"]
[SourceTitle "BritBase"]
[Source "John Saunders"]
[SourceDate "2025.07.21"]
[SourceVersion "1"]
[SourceVersionDate "2025.07.21"]
[SourceQuality "1"]

1. e4 c6 2. d4 d5 3. exd5 cxd5 4. Bd3 Nc6 5. c3 Qc7 6. Ne2 Bg4 7. O-O e6 8. Qe1 Nf6 9. Bg5 Bxe2 10. Qxe2 h6 11. Be3 Bd6 12. g3 O-O 13. f4 Ne4 14. Nd2 f5 15. Nf3 a6 16. Ne5 b5 17. a4 bxa4 18. Rxa4 a5 19. Rfa1 Ne7 20. Kh1 Rfb8 21. R1a2 Ra7 22. Kg2 Rba8 23. Bb5 Bxe5 24. dxe5 Nc5 25. Qf2 Nxa4 26. Bxa7 Rxa7 27. Rxa4 Rb7 28. Bd3 Nc6 29. Ra2 Qb6 30. Qxb6 Rxb6 31. Bc2 d4 32. Ba4 dxc3 33. bxc3 Kf7 34. Rd2 Ne7 35. c4 Rb4 36. Bb5 g5 37. Rd6 gxf4 38. gxf4 Ng6 39. Rd7+ 1/2-1/2

[Event "ENG-ch"]
[Site "Kenilworth"]
[Date "2025.07.20"]
[Round "5.32"]
[White "Byron, Alan M"]
[Black "Bevis, Noah"]
[Result "1/2-1/2"]
[WhiteElo "2040"]
[BlackElo "1934"]
[PlyCount "90"]
[EventDate "2025.07.18"]
[EventType "swiss"]
[EventRounds "7"]
[EventCountry "ENG"]
[SourceTitle "BritBase"]
[Source "John Saunders"]
[SourceDate "2025.07.21"]
[SourceVersion "1"]
[SourceVersionDate "2025.07.21"]
[SourceQuality "1"]

1. e4 c5 2. Nc3 Nc6 3. g3 g6 4. Bg2 Bg7 5. d3 d6 6. Nf3 Rb8 7. a4 a6 8. O-O e6 9. Bg5 Nge7 10. Qd2 h6 11. Be3 Qb6 12. Rfb1 Bd7 13. a5 Qc7 14. Ne2 e5 15. Ne1 h5 16. f4 Qc8 17. Nf3 Nd4 18. Nexd4 cxd4 19. Bf2 Nc6 20. Rf1 O-O 21. c3 dxc3 22. bxc3 Bh6 23. Be3 Qd8 24. f5 Bxe3+ 25. Qxe3 Kg7 26. Nh4 Kh7 27. Bh3 Rg8 28. fxg6+ fxg6 29. Rf7+ Rg7 30. Rxg7+ Kxg7 31. Bxd7 Qxd7 32. Qg5 Ne7 33. Rf1 Qe6 34. Nf5+ Nxf5 35. exf5 Qf6 36. Qxf6+ Kxf6 37. fxg6+ Kxg6 38. Rb1 Kf6 39. Rb6 Ke6 40. h3 Rg8 41. Kf2 Rg7 42. c4 Rc7 43. g4 hxg4 44. hxg4 e4 45. dxe4 Ke5 1/2-1/2

[Event "ENG-ch"]
[Site "Kenilworth"]
[Date "2025.07.20"]
[Round "6.21"]
[White "Verma, Aditya"]
[Black "Burrows, Martin P"]
[Result "1/2-1/2"]
[WhiteElo "2092"]
[BlackElo "2057"]
[PlyCount "112"]
[EventDate "2025.07.18"]
[EventType "swiss"]
[EventRounds "7"]
[EventCountry "ENG"]
[SourceTitle "BritBase"]
[Source "John Saunders"]
[SourceDate "2025.07.21"]
[SourceVersion "1"]
[SourceVersionDate "2025.07.21"]
[SourceQuality "1"]

1. e4 c5 2. Nf3 d6 3. Bb5+ Nd7 4. O-O Ngf6 5. Re1 a6 6. Bf1 b6 7. d4 cxd4 8. Nxd4 Bb7 9. f3 e6 10. c4 Be7 11. Nc3 Rc8 12. Be3 O-O 13. Qd2 Qc7 14. Rac1 Qb8 15. Red1 Bd8 16. Kh1 Bc7 17. Bg1 Rfe8 18. Nc2 Kh8 19. b4 Rg8 20. Ne3 g5 21. h3 Ne5 22. Bh2 Nfd7 23. Qd4 Rg7 24. Ne2 h5 25. Ng3 Rh7 26. Ngf5 exf5 27. Nxf5 f6 28. Nxd6 Bxd6 29. Qxd6 Qxd6 30. Rxd6 b5 31. c5 Bc6 32. a4 Rf7 33. axb5 axb5 34. Ra1 Rff8 35. Ra6 Nb8 36. Ra5 Nc4 37. Bxc4 bxc4 38. Rd4 Be8 39. Bxb8 Rxb8 40. Rxc4 Bb5 41. Rd4 Rf7 42. Ra1 h4 43. Rad1 Kg7 44. Kg1 Rfb7 45. Kf2 Be8 46. Rb1 Ra7 47. Rb2 Kf7 48. f4 Ra3 49. e5 fxe5 50. fxe5 Ke6 51. Re2 Rb3 52. c6 Rc8 53. Rc2 Rxc6 54. Rxc6+ Bxc6 55. Rd6+ Kxe5 56. Rxc6 Rxb4 1/2-1/2

[Event "ENG-ch"]
[Site "Kenilworth"]
[Date "2025.07.20"]
[Round "6.22"]
[White "Villiers, Thomas"]
[Black "Sefton, Adam"]
[Result "1-0"]
[WhiteElo "2158"]
[BlackElo "2047"]
[PlyCount "129"]
[EventDate "2025.07.18"]
[EventType "swiss"]
[EventRounds "7"]
[EventCountry "ENG"]
[SourceTitle "BritBase"]
[Source "John Saunders"]
[SourceDate "2025.07.21"]
[SourceVersion "1"]
[SourceVersionDate "2025.07.21"]
[SourceQuality "1"]

1. e4 e6 2. d4 d5 3. Nc3 Nf6 4. Bg5 Bb4 5. Nge2 dxe4 6. a3 Be7 7. Bxf6 Bxf6 8. Nxe4 Be7 9. N2c3 Nd7 10. d5 exd5 11. Nxd5 O-O 12. Be2 Nf6 13. Nxe7+ Qxe7 14. Nc3 Rd8 15. Qc1 Nd5 16. Nxd5 Rxd5 17. O-O c6 18. Bf3 Re5 19. Qd2 Bf5 20. Rad1 Re8 21. c4 Be4 22. Bxe4 Rxe4 23. Qd7 g6 24. b3 Re2 25. Rd3 Qxa3 26. Qxb7 Qc1 27. g3 Re1 28. Rxe1 Rxe1+ 29. Kg2 Rg1+ 30. Kf3 Qg5 31. Qc8+ Kg7 32. Qg4 Qf6+ 33. Qf4 Rb1 34. Qxf6+ Kxf6 35. Ke4 Ke6 36. Kd4 Kd6 37. c5+ Ke6 38. Kc3 Rc1+ 39. Kb4 a5+ 40. Kxa5 Rxc5+ 41. Kb6 Rc2 42. h4 h5 43. b4 Rb2 44. Rd4 Rc2 45. Rf4 f5 46. Kc7 Kd5 47. Kd7 c5 48. bxc5 Rxc5 49. Ke7 Rc6 50. Kf7 Ke5 51. Rf3 Rf6+ 52. Kg7 Ra6 53. Re3+ Kd4 54. Re2 Kd3 55. Re5 Kd4 56. f4 Rb6 57. Kf7 Rb3 58. Kxg6 Rxg3+ 59. Kxh5 Rg4 60. Rxf5 Rg1 61. Rg5 Rf1 62. Kg6 Rxf4 63. h5 Rf8 64. h6 Rg8+ 65. Kf6 1-0

[Event "ENG-ch"]
[Site "Kenilworth"]
[Date "2025.07.20"]
[Round "6.23"]
[White "Manley, Jon P"]
[Black "Clarke, James"]
[Result "1-0"]
[WhiteElo "2096"]
[BlackElo "1941"]
[PlyCount "97"]
[EventDate "2025.07.18"]
[EventType "swiss"]
[EventRounds "7"]
[EventCountry "ENG"]
[SourceTitle "BritBase"]
[Source "John Saunders"]
[SourceDate "2025.07.21"]
[SourceVersion "1"]
[SourceVersionDate "2025.07.21"]
[SourceQuality "1"]

1. e4 c5 2. Nf3 d6 3. Bb5+ Nd7 4. a4 Ngf6 5. Nc3 a6 6. Be2 e6 7. O-O Be7 8. a5 O-O 9. d4 cxd4 10. Nxd4 Qc7 11. Be3 Ne5 12. Nb3 Nc4 13. Bxc4 Qxc4 14. Ra4 Qc7 15. Qe2 Bd7 16. Rc4 Qb8 17. Rd1 Rc8 18. Rxc8+ Qxc8 19. Bf4 Ne8 20. Qd3 Qc6 21. e5 d5 22. Nd4 Qc7 23. Nf5 Bb4 24. Qg3 Bxc3 25. bxc3 Bb5 26. Nd4 Qxa5 27. h4 Rc8 28. Bd2 Qd8 29. h5 Bd7 30. h6 g6 31. Bg5 Qc7 32. Rd3 f5 33. Re3 a5 34. Qh4 a4 35. Be7 Kf7 36. Nf3 Qc4 37. Nd4 Qc7 38. g4 Bc6 39. gxf5 exf5 40. Ba3 Qd8 41. e6+ Kg8 42. Be7 Qb6 43. Rg3 a3 44. Qh5 Ng7 45. Rxg6 Kh8 46. Rxg7 a2 47. Rxh7+ Kxh7 48. Qf7+ Kxh6 49. Nxf5# 1-0

[Event "ENG-ch"]
[Site "Kenilworth"]
[Date "2025.07.20"]
[Round "6.27"]
[White "Okhai, Shabir"]
[Black "Vaddhireddy, Sai"]
[Result "1/2-1/2"]
[WhiteElo "2089"]
[BlackElo "1946"]
[PlyCount "109"]
[EventDate "2025.07.18"]
[EventType "swiss"]
[EventRounds "7"]
[EventCountry "ENG"]
[SourceTitle "BritBase"]
[Source "John Saunders"]
[SourceDate "2025.07.21"]
[SourceVersion "1"]
[SourceVersionDate "2025.07.21"]
[SourceQuality "1"]

1. e4 c6 2. d4 d5 3. Nc3 dxe4 4. Nxe4 Nf6 5. Nxf6+ exf6 6. c3 Bd6 7. Bd3 O-O 8. Ne2 Re8 9. O-O Nd7 10. Ng3 g6 11. Bh6 Nf8 12. Qd2 Ne6 13. Ne4 Be7 14. Bc4 f5 15. Bxe6 Bxe6 16. Ng5 Bf6 17. Rfe1 Qd7 18. Nxe6 Rxe6 19. Rxe6 Qxe6 20. b3 Re8 21. Kf1 Qd5 22. Re1 Re6 23. Qf4 Rxe1+ 24. Kxe1 Qe4+ 25. Kd2 Qxf4+ 26. Bxf4 Kf8 27. Kd3 Ke7 28. Bb8 a6 29. Kc4 Kd7 30. f3 h5 31. h3 Be7 32. d5 b5+ 33. Kd4 Bf6+ 34. Kc5 cxd5 35. Kxd5 Bxc3 36. Bd6 Be1 37. Be5 Bb4 38. a4 Be7 39. axb5 axb5 40. Bf4 Bf8 41. Be5 Bb4 42. Bf4 Be7 43. Be3 Bd6 44. Bc5 Bc7 45. Bd4 Bd6 46. Bb6 Bb4 47. Bc5 Bd2 48. Ba3 Be3 49. Bb4 Bb6 50. Bf8 Be3 51. Bc5 Bd2 52. Bd4 Bb4 53. Be3 Bd6 54. Bc5 Bc7 55. Kd4 1/2-1/2

[Event "ENG-ch"]
[Site "Kenilworth"]
[Date "2025.07.20"]
[Round "6.30"]
[White "Bevis, Noah"]
[Black "Sasikumar, Srivathsan"]
[Result "1/2-1/2"]
[WhiteElo "1934"]
[BlackElo "2038"]
[PlyCount "86"]
[EventDate "2025.07.18"]
[EventType "swiss"]
[EventRounds "7"]
[EventCountry "ENG"]
[SourceTitle "BritBase"]
[Source "John Saunders"]
[SourceDate "2025.07.21"]
[SourceVersion "1"]
[SourceVersionDate "2025.07.21"]
[SourceQuality "1"]

1. d4 Nf6 2. Bf4 d5 3. e3 Bf5 4. c4 e6 5. Nc3 c6 6. Qb3 b6 7. cxd5 exd5 8. Nf3 Bd6 9. Bg3 O-O 10. Be2 Re8 11. O-O Bxg3 12. hxg3 Nbd7 13. Nh2 Qc7 14. Rac1 Qd6 15. Qd1 b5 16. Bd3 Bxd3 17. Qxd3 a5 18. Qe2 Re6 19. f4 Rae8 20. Rf3 Ne4 21. Nxe4 Rxe4 22. Qd2 a4 23. Ng4 f5 24. Ne5 Nxe5 25. fxe5 Qg6 26. Qf2 Rg4 27. Rf1 h5 28. Rxf5 Rxg3 29. Rf3 Rg4 30. Rf4 Rxf4 31. exf4 Qf5 32. Rc1 Re6 33. a3 Rg6 34. Rc3 Rg4 35. Rf3 h4 36. Kh2 g6 37. Qd2 Kg7 38. Qc1 Qe4 39. Qd2 Kh7 40. Kh3 Qf5 41. Kh2 Kg7 42. Qc1 Qe4 43. Qd2 Kh7 1/2-1/2

[Event "ENG-ch"]
[Site "Kenilworth"]
[Date "2025.07.20"]
[Round "6.38"]
[White "Kendall, Arthur"]
[Black "De Coverly, Roger D"]
[Result "0-1"]
[WhiteElo "1883"]
[BlackElo "1956"]
[PlyCount "101"]
[EventDate "2025.07.18"]
[EventType "swiss"]
[EventRounds "7"]
[EventCountry "ENG"]
[SourceTitle "BritBase"]
[Source "John Saunders"]
[SourceDate "2025.07.21"]
[SourceVersion "1"]
[SourceVersionDate "2025.07.21"]
[SourceQuality "1"]

1. d4 Nf6 2. c4 g6 3. Nc3 Bg7 4. e4 d6 5. Nf3 O-O 6. Be2 e5 7. O-O exd4 8. Nxd4 Re8 9. f3 Nc6 10. Be3 Nh5 11. Qd2 Nf4 12. g3 Nxe2+ 13. Ndxe2 Bh3 14. Rf2 Be6 15. b3 a6 16. Rc1 Rb8 17. Nf4 Bd7 18. a4 Ne5 19. Ncd5 f5 20. Nd3 Nxf3+ 21. Rxf3 fxe4 22. Bg5 Qc8 23. Nf6+ Bxf6 24. Rxf6 exd3 25. Bh6 Bf5 26. Rf1 Qd7 27. Qg5 Kh8 28. g4 Rg8 29. R6xf5 gxf5 30. Qf6+ Rg7 31. Rxf5 Rbg8 32. Bxg7+ Qxg7 33. Qxg7+ Rxg7 34. Rf8+ Rg8 35. Rxg8+ Kxg8 36. Kf2 Kg7 37. Ke3 Kg6 38. h4 Kf6 39. Kxd3 Ke5 40. Ke3 a5 41. Kf3 c6 42. h5 Kf6 43. Kf4 h6 44. g5+ hxg5+ 45. Kg4 d5 46. c5 d4 47. Kf3 Kf5 48. Ke2 g4 49. Kf2 d3 50. Ke3 g3 51. Kd4 0-1

[Event "ENG-ch"]
[Site "Kenilworth"]
[Date "2025.07.21"]
[Round "7.11"]
[White "Bates, Richard A"]
[Black "Villiers, Thomas"]
[Result "1/2-1/2"]
[WhiteElo "2292"]
[BlackElo "2158"]
[PlyCount "45"]
[EventDate "2025.07.18"]
[EventType "swiss"]
[EventRounds "7"]
[EventCountry "ENG"]
[SourceTitle "BritBase"]
[Source "John Saunders"]
[SourceDate "2025.07.21"]
[SourceVersion "1"]
[SourceVersionDate "2025.07.21"]
[SourceQuality "1"]

1. d4 Nf6 2. Nf3 e6 3. c4 b6 4. g3 Ba6 5. b3 Bb4+ 6. Bd2 Be7 7. Bg2 O-O 8. O-O d5 9. Ne5 c6 10. Bc3 Bb7 11. Nd2 Nbd7 12. Bb2 Rc8 13. Nd3 c5 14. cxd5 Bxd5 15. e4 Bb7 16. e5 Nd5 17. Ne4 cxd4 18. Bxd4 Qc7 19. Rc1 Qb8 20. Qd2 Ba6 21. f4 Rxc1 22. Rxc1 Rc8 23. Ra1 1/2-1/2